Statistics for AFL All-Time Statistical Leaders

Click here to take the quiz!

General Stats

  • This quiz has been taken 21 times
    (8 since last reset)
  • The average score is 79 of 120

Answer Stats

TeamAnswer% Correct
West Coast/CarltonChris Judd
100%
Geelong/Gold Coast | Geelong/GoldcoastGary Ablett Jnr
100%
Hawthorn/GeelongGary Ablett Snr
100%
Hawthorn/SydneyJosh Kennedy
100%
RichmondKevin Bartlett
100%
Hawthorn/SydneyLance Franklin
100%
EssendonMatthew Lloyd
100%
FremantleMatthew Pavlich
100%
RichmondMatthew Richardson
100%
Hawthorn/West CoastSam Mitchell
100%
CollingwoodScott Pendlebury
100%
GeelongTom Hawkins
100%
St Kilda/SydneyTony Lockett
100%
Port AdelaideTravis Boak
100%
FremantleAaron Sandilands
67%
SydneyAdam Goodes
67%
St Kilda/HawthornBen McEvoy
67%
BulldogsBrad Johnson
67%
North MelbourneBrent Harvey
67%
Collingwood/Melbourne/SydneyBrodie Grundy
67%
FremantleDavid Mundy
67%
West CoastDean Cox
67%
Carlton/AdelaideEddie Betts
67%
CollingwoodGordon Coventry
67%
Collingwood/GWSHeath Shaw
67%
Brisbane/West CoastJack Redden
67%
RichmondJack Riewoldt
67%
RichmondJack Titus
67%
Geelong/EssendonJames Kelly
67%
Collingwood/Gold CoastJarrod Witts
67%
HawthornJason Dunstall
67%
GeelongJoel Selwood
67%
Essendon/CarltonJustin Madden
67%
Fremantle/BrisbaneLachie Neale
67%
HawthornLeigh Matthews
67%
Hawthorn/North MelbourneLiam Shiels
67%
HawthornLuke Breust
67%
Hawthorn/BrisbaneLuke Hodge
67%
SydneyLuke Parker
67%
MelbourneMax Gawn
67%
HawthornMichael Tuck
67%
St KildaNick Riewoldt
67%
Essendon/Port Adelaide/St KildaPaddy Ryder
67%
Adelaide/GeelongPatrick Dangerfield
67%
Essendon/HawthornPaul Salmon
67%
Port AdelaideRobbie Gray
67%
St KildaRobert Harvey
67%
Carlton/Adelaide/GWSSam Jacobs
67%
Melbourne/AdelaideScott Thompson
67%
BulldogsScott West
67%
Geelong/Sydney/GWSShane Mumford
67%
Port Adelaide/HawthornShaun Burgoyne
67%
BrisbaneSimon Black
67%
EssendonSimon Madden
67%
Geelong/GWSSteve Johnson
67%
North Melbourne/EssendonTodd Goldstein
67%
CollingwoodTony Shaw
67%
RichmondTrent Cotchin
67%
North MelbourneAndrew Swallow
33%
St Kilda/EssendonBrendon Goddard
33%
Calton | CarltonCraig Bradley
33%
Geelong/North MelbourneDoug Wade
33%
EssendonDustin Fletcher
33%
Fremantle/MelbourneJeff White
33%
SydneyJude Bolton
33%
St KildaLenny Hayes
33%
West CoastMatt Priddis
33%
Footscay/Fitzroy | Footscray/FitzroyBernie Quinlan
0%
BulldogsChris Grant
0%
Footscray/North Melbourne | Fremantle/North MelbourneGary Dempsey
0%
Fitzroy/North MelbourneJohn Blakey
0%
CarltonKade Simpson
0%
West CoastNic Naitanui
0%
Fitzroy/SydneyPaul Roos
0%
Collingwood/CarltonPeter McKenna
0%
St KildaStewart Loewe
0%

Score Distribution

Percentile by Number Answered

Percent of People with Each Score

Your Score History

You have not taken this quiz since the last reset